A PRACTICAL BOOK OF BIOCHEMISTRY [SEM-II] (Record no. 7877)

MARC details
000 -LEADER
fixed length control field 00482nam a22001697a 4500
005 - DATE AND TIME OF LATEST TRANSACTION
control field 20240108094737.0
008 - FIXED-LENGTH DATA ELEMENTS--GENERAL INFORMATION
fixed length control field 220209b ||||| |||| 00| 0 eng d
020 ## - INTERNATIONAL STANDARD BOOK NUMBER
ISBN 978-93-87686-03-8
041 ## - LANGUAGE CODE
Language code of text/sound track or separate title eng
082 ## - DEWEY DECIMAL CLASSIFICATION NUMBER
Classification number 612
100 ## - MAIN ENTRY--AUTHOR NAME
Personal name AGARKAR, DR. P.H ,KULKARNI ,Dr. Y.A , MAHESHWARI Dr.V.L AND SURANA Dr.S..J
245 ## - TITLE STATEMENT
Title A PRACTICAL BOOK OF BIOCHEMISTRY [SEM-II]
260 ## - PUBLICATION, DISTRIBUTION, ETC. (IMPRINT)
Place of publication PUNE
Name of publisher NIRALI PRAKASHAN
300 ## - PHYSICAL DESCRIPTION
Number of Pages 5.17;p
650 ## - SUBJECT ADDED ENTRY--TOPICAL TERM
Topical Term PHARMACY
General subdivision B.PHARMA
942 ## - ADDED ENTRY ELEMENTS (KOHA)
Koha item type Books
Holdings
Lost status Damaged status Collection code Home library Current library Shelving location Date acquired Source of acquisition Cost, normal purchase price Full call number Accession Number Koha item type
    Reference JRU Library JRU Library Shelf - 27- I 09/02/2022 PURCHASE 125.00 612 26081 Books
    PHARMACY JRU Library JRU Library Shelf - 27- I 09/02/2022 PURCHASE 125.00 612 26082 Books
    PHARMACY JRU Library JRU Library Shelf - 27- I 09/02/2022 PURCHASE 125.00 612 26083 Books